Statistics for Best Rookies on Each MLB Team

Click here to take the quiz!

General Stats

  • This quiz has been taken 51 times
  • The average score is 7 of 30

Answer Stats

TeamPositionRookie% Correct
Atlanta BravesLFRonald Acuna Jr.
62%
Los Angeles AngelsSP/DHShohei Ohtani
56%
Washington NationalsLFJuan Soto
47%
Baltimore OriolesCFCedric Mullins
44%
New York Yankees3BMiguel Andujar
42%
New York Mets2BJeff McNeil
40%
Los Angeles DodgersSPWalker Buehler
38%
Cleveland IndiansSPShane Bieber
33%
Miami Marlins3B/RFBrian Anderson
29%
San Francisco GiantsSPDereck Rodriguez
27%
Pittsburgh PiratesRPRichard Rodriguez
27%
Kansas City RoyalsSPBrad Keller
22%
San Diego PadresRFFranmil Reyes
22%
Seattle Mariners1BDaniel Vogelbach
20%
St. Louis CardinalsSPJack Flaherty
20%
Tampa Bay Rays2B/UTLJoey Wendle
20%
Colorado Rockies1BRyan McMahon
20%
Cincinnati RedsLFJesse Winker
18%
Houston AstrosCMax Stassi
16%
Chicago Cubs3B/UTLDavid Bote
13%
Chicago White SoxOF/DHDaniel Palka
11%
Milwaukee BrewersSPFreddy Peralta
9%
Philadelphia PhilliesCPSeranthony Dominguez
9%
Boston Red SoxSP/RPBrian Johnson
7%
Minnesota TwinsOFJake Cave
7%
Oakland AthleticsRPLou Trivino
7%
Detroit TigersUTLNiko Goodrum
7%
Texas Rangers1BRonald Guzman
7%
Toronto Blue JaysSPRyan Borucki
4%
Arizona DiamondbacksRPYoshihisa Hirano
2%

Score Distribution

Percentile by Number Answered

Percent of People with Each Score

Your Score History

You have not taken this quiz